00358pab a2200121 454500008004000000100002200040245008900062260000900151300001300160362001000173650001900183773003400202180718b2013 xxu||||| |||| 00| 0 eng d aNachane, Dilip M. aGlobal crisis and the new consensus macroeconomics: End of paradigmatic determinism? c2013 ap.43-50. a5 Jan aMacroeconomics aEconomic and Political Weekly